Statistics for Character Logic Puzzle – Percy Jackson (hard version)

Click here to take the quiz!

General Stats

  • This quiz has been taken 1,213 times
  • The average score is 11 of 15

Answer Stats

Answer % Correct
Grover
97%
Annabeth
96%
Thalia
90%
Nico
68%
Tyson
68%
Mrs O’Leary
67%
Travis
67%
Clarisse
67%
Luke
66%
Bianca
66%
Blackjack
66%
Connor
64%
Chiron
64%
Rachel
59%
Sally
51%

Score Distribution

Percentile by Number Answered

Percent of People with Each Score

Your Score History

You have not taken this quiz